| 000 | 00609nam a2200217 a 4500 | ||
|---|---|---|---|
| 001 | 66656 | ||
| 003 | BD-RjUL | ||
| 005 | 20211209081550.0 | ||
| 008 | 170318s1971 nyua b 001 0 eng d | ||
| 035 | _a(BD-RjUL)66786 | ||
| 040 |
_aDLC _cDLC _dBD-RjUL _beng |
||
| 041 | _aeng | ||
| 082 | 0 | 0 |
_a158 _223 _bDIM 1971 |
| 100 | 1 |
_aDichter, Ernest _9197338 |
|
| 245 | 1 | 0 |
_aMotivating human behavior / _cErnest Dichter |
| 260 |
_aNew York : _bMcGraw-Hill, _c1971. |
||
| 300 |
_axiii, 253 p. : _bill. ; _c24 cm. |
||
| 504 | _aInclude Bibliography and Index. | ||
| 650 | 0 |
_aApplied Psychology _9116512 |
|
| 942 |
_2ddc _cBK |
||
| 999 |
_c66656 _d66656 |
||